00590 2200193 4500001002100000005001500021035002000036007000300056008003900059082000700098084001300105100001600118245015400134250001000288260004600298300002500344600001200369990001500381INLIS00000000000998120260511092450 a0010-0526000025ta260511 | | |  a11 a11 TAR s0 aTARA RAHMAH1 aSTRATEGI PENGEMBANGAN SUMBER DAYA MANUSIA PADA SEKRETARIAT DPRD PROVINSI KALIMANTAN TENGAH DALAM MENINGKATKAN KUALITAS KINERJA PEGAWAI /cTARA RAHMAH aCet 1 aPalangka Raya :bPerpustakaan UMPR,c2023 axiv, 48 hlm :bilus. 4aSKRIPSI a2011423862